000 01389nam a2200229Ia 4500
003 Ost
005 20260507075544.0
008 260507s9999||||xx |||||||||||||| ||und||
040 _cfsecg
041 _aara
082 _a338.9
100 _aابراهيم، طلعت الدمرداش
_eمؤلف
245 0 _aالاقتصاد الاجتماعي /
_c طلعت الدمرداش ابراهيم
260 _aالقاهرة:
_bمكتبة القدس,
_c2006
300 _a594 صفحة؛
_bإيضاحات ؛
_c24 سم
504 _aبيبليوغرافيا: ص.577
520 _aيضم الرفاهية الإقتصادية، النمو السكاني ومستوى المعيشة، سوق العمل وتأثير النقابات العمالية على الأجور، البطالة وأثارها الإقتصادية والإجتماعية، الجريمة وآثارها الإقتصادية والإجتماعية، فريضة الزكاة، شبكات الأمان الإقتصادي والإجتماعي، السلع الخاصة والسلع العامة، اقتصاديات التلوث البيئي، اقتصاديات التعلم، الإنفاق العسكري وأثاره الإقتصادية والإجتماعية
653 _aالإقتصاد
653 _aالتنمية الإجتماعية
653 _aالتنمية الإقتصادية
942 _cكتاب
999 _c44882
_d44882